[Event "Tournament 14471 - Europe Echecs"]
[Site "Europe Echecs"]
[Date "2020.07.09"]
[Round "5"]
[Time "16:05:20"]
[PlyCount "109"]
[White "Cadilhacseffin"]
[Black "CourjalJuliett"]
[WhiteElo "1045"]
[BlackElo "1388"]
[Mode "WEB"]
[Result "0-1"]

1. e4 e5 2. Nf3 Nc6 3. Bc4 Nf6 4. d3 Bc5 5. O-O O-O 6. c3 d6 7. h3 Be6 8. Bxe6
fxe6 9. Re1 Qe7 10. d4 exd4 11. cxd4 Bb4 12. Nc3 e5 13. d5 Nd8 14. a3 Ba5 15.
Bd2 Bb6 16. Be3 Qf7 17. Rc1 Nh5 18. Nb5 Rc8 19. Rc2 Qe7 20. Ng5 Bxe3 21. Qxh5
Bxg5 22. Nxa7 Ra8 23. Nb5 Rc8 24. Na7 Ra8 25. Nb5 c6 26. dxc6 Nxc6 27. Rd1 Rad8
28. h4 Bxh4 29. Rcd2 Nd4 30. Nxd4 exd4 31. Qd5+ Kh8 32. Qxd4 Rf4 33. f3 Qg5 34.
Qb6 Rdf8 35. Qxd6 Rxf3 36. Rd5 Bf2+ 37. Kf1 Bc5+ 38. Ke2 Bxd6 39. Rxg5 Rf2+ 40.
Ke1 Rf1+ 41. Ke2 R8f2+ 42. Kd3 Rxd1+ 43. Kc4 Rc2+ 44. Kb3 Rc8 45. Rf5 h6 46. Rb5
Rc7 47. e5 Be7 48. e6 Rd3+ 49. Ka4 Rd4+ 50. Kb3 Re4 51. Ka2 Rxe6 52. a4 Ra6 53.
b3 Rc2+ 54. Kb1 Rc7 {Cadilhacseffin a abandonné} 0-1

[Event "Tournament 14471 - Europe Echecs"]
[Site "Europe Echecs"]
[Date "2020.07.09"]
[Round "5"]
[Time "16:05:20"]
[PlyCount "51"]
[White "DubachNicolas"]
[Black "LevyTheo"]
[WhiteElo "999"]
[BlackElo "1375"]
[Mode "WEB"]
[Result "0-1"]

1. d4 Nf6 2. Bf4 g6 3. Nf3 Bg7 4. e3 O-O 5. Bd3 d6 6. c3 Nbd7 7. Qc2 c5 8. Nbd2
a6 9. c4 Rb8 10. h4 b5 11. Rg1 Qa5 12. Ke2 Bb7 13. g4 Bxf3+ 14. Kxf3 Rb7 15. g5
Nh5 16. Bh2 cxd4 17. exd4 Bxd4 18. Nb3 Qb6 19. Nxd4 Qxd4 20. Rg4 Ne5+ 21. Bxe5
Qxe5 22. Re4 Qc5 23. Rae1 e5 24. Qe2 Qc6 25. Kg2 Nf4+ {DubachNicolas a abandonné} 0-1

[Event "Tournament 14471 - Europe Echecs"]
[Site "Europe Echecs"]
[Date "2020.07.09"]
[Round "5"]
[Time "16:05:20"]
[PlyCount "47"]
[White "MoussaNicolas"]
[Black "GutcakiDaniil"]
[WhiteElo "1102"]
[BlackElo "1373"]
[Mode "WEB"]
[Result "0-1"]

1. e4 d5 2. exd5 Qxd5 3. Nc3 Qa5 4. d4 c6 5. Bd2 Qc7 6. Qf3 Nf6 7. h3 Bf5 8.
Qxf5 e6 9. Qf3 Nbd7 10. O-O-O Bd6 11. Bc4 O-O 12. Nge2 c5 13. d5 Ne5 14. Qf4
Nd3+ 15. cxd3 Bxf4 16. dxe6 Bxd2+ 17. Rxd2 fxe6 18. Bxe6+ Kh8 19. Nf4 Qxf4 20.
g3 Qe5 21. Re2 Qd4 22. f4 Rfe8 23. Nb5 Qxd3 {MoussaNicolas a abandonné} 0-1

[Event "Tournament 14471 - Europe Echecs"]
[Site "Europe Echecs"]
[Date "2020.07.09"]
[Round "5"]
[Time "16:05:20"]
[PlyCount "48"]
[White "CarrollAlden"]
[Black "BourgineQuenti"]
[WhiteElo "1370"]
[BlackElo "999"]
[Mode "WEB"]
[Result "1-0"]

1. Nf3 Nc6 2. d4 Nf6 3. Nc3 d5 4. Bf4 e6 5. Nb5 Bd6 6. Bg3 Bxg3 7. hxg3 O-O 8.
e3 h6 9. Bd3 a6 10. Nc3 Ng4 11. Ne5 Ngxe5 12. dxe5 Nxe5 13. f4 Nxd3+ 14. Qxd3 c6
15. O-O-O b5 16. g4 e5 17. g5 e4 18. Qe2 b4 19. gxh6 gxh6 20. Rxh6 bxc3 21. Qf2
Rb8 22. Qg3+ Bg4 23. Qxg4+ Qg5 24. Qxg5# {BourgineQuenti est échec et mat} 1-0

[Event "Tournament 14471 - Europe Echecs"]
[Site "Europe Echecs"]
[Date "2020.07.09"]
[Round "5"]
[Time "16:05:20"]
[PlyCount "166"]
[White "DecultotJacque"]
[Black "DuplanManuel"]
[WhiteElo "1404"]
[BlackElo "1020"]
[Mode "WEB"]
[Result "1-0"]

1. e4 e5 2. Nf3 Nc6 3. Bc4 Bc5 4. c3 d6 5. d4 exd4 6. cxd4 Bb6 7. Nc3 Bg4 8. Be3
Nf6 9. O-O O-O 10. h3 Bh5 11. Rc1 Re8 12. Qb3 Na5 13. Qa4 Bxf3 14. gxf3 Qc8 15.
Kh2 Nd7 16. d5 Bxe3 17. fxe3 b6 18. Bb5 a6 19. Bxd7 b5 20. Bxc8 bxa4 21. Bg4 Nc4
22. Nxa4 Nxe3 23. Rg1 Nxg4+ 24. hxg4 Ra7 25. f4 Rxe4 26. Rge1 Rxe1 27. Rxe1 Kf8
28. Kg3 Rb7 29. Rh1 h6 30. Rc1 Ke7 31. Rc6 a5 32. Ra6 Rb5 33. Ra7 Kd7 34. Kf3
Kc8 35. Ra6 Kb7 36. Rc6 Rxd5 37. Rc2 Rb5 38. Ke3 c5 39. Rc3 Kc6 40. Rb3 Rxb3+
41. axb3 Kd5 42. Kd3 f6 43. Nb6+ Kc6 44. Nc4 d5 45. Nxa5+ Kb5 46. Nb7 c4+ 47.
bxc4+ dxc4+ 48. Kc3 g6 49. Nd6+ Kc5 50. Ne8 f5 51. gxf5 gxf5 52. Ng7 Kd5 53.
Nxf5 h5 54. Nh4 Ke4 55. f5 Kf4 56. f6 Kg5 57. f7 Kxh4 58. f8=Q Kg4 59. Qg7+ Kh4
60. Qd4+ Kg5 61. Qxc4 h4 62. Qg8+ Kh5 63. Kd2 h3 64. Qh8+ Kg4 65. Ke1 Kg3 66.
Qg8+ Kh4 67. Kf1 h2 68. Qh8+ Kg3 69. b3 h1=Q+ 70. Qxh1 Kg4 71. Qd5 Kf4 72. Qe6
Kf3 73. Ke1 Kf4 74. Kd2 Kf3 75. Qe5 Kf2 76. Qe4 Kf1 77. Qe3 Kg2 78. Qf4 Kg1 79.
Qf3 Kh2 80. Qg4 Kh1 81. Ke2 Kh2 82. Kf1 Kh1 83. Qg1# {DuplanManuel est échec et mat} 1-0

[Event "Tournament 14471 - Europe Echecs"]
[Site "Europe Echecs"]
[Date "2020.07.09"]
[Round "5"]
[Time "16:05:20"]
[PlyCount "126"]
[White "FaidoliYannis"]
[Black "DygasArthur"]
[WhiteElo "1333"]
[BlackElo "1143"]
[Mode "WEB"]
[Result "1-0"]

1. e4 c5 2. c3 d6 3. d4 Nc6 4. d5 Ne5 5. f4 Nd7 6. Bb5 Ngf6 7. Qc2 g6 8. Nf3 Bg7
9. Be3 O-O 10. Nbd2 a6 11. Bd3 Nb6 12. Qd1 Bd7 13. O-O Na4 14. Rb1 b5 15. Qe1 a5
16. Qh4 b4 17. cxb4 axb4 18. f5 Nb6 19. Bg5 Rxa2 20. Bxf6 Bxf6 21. Ng5 Bxg5 22.
Qxg5 Kg7 23. Rf2 Ba4 24. Rf3 Qc7 25. Rh3 h5 26. fxg6 fxg6 27. Rg3 Be8 28. e5 c4
29. Bxg6 e6 30. Bxe8+ Kh8 31. Qxh5+ Qh7 32. dxe6 Qxh5 33. Bxh5 Nd5 34. exd6 Rd8
35. Nxc4 Ra7 36. e7 Nxe7 37. dxe7 Rxe7 38. h3 Re4 39. b3 Rd3 40. Rxd3 Rh4 41.
Rf1 Rxh5 42. Rf7 Rg5 43. Rd8+ Rg8 44. Rxg8+ Kxg8 45. Ra7 Kh8 46. Ra1 Kh7 47. Rd1
Kg6 48. Rf1 Kg5 49. Ra1 Kh4 50. Rb1 Kg3 51. Ne5 Kf4 52. Ng4 Kg3 53. Rc1 Kh4 54.
Rc4 Kg3 55. Rxb4 Kh4 56. Rc4 Kg5 57. b4 Kf5 58. b5 Ke6 59. b6 Kf5 60. b7 Kg5 61.
b8=Q Kh4 62. Qg8 Kg3 63. Ne5# {DygasArthur est échec et mat} 1-0

[Event "Tournament 14471 - Europe Echecs"]
[Site "Europe Echecs"]
[Date "2020.07.09"]
[Round "5"]
[Time "16:05:20"]
[PlyCount "75"]
[White "VerdeauxAntoin"]
[Black "DelmasRaphael"]
[WhiteElo "960"]
[BlackElo "1325"]
[Mode "WEB"]
[Result "1/2-1/2"]

1. e4 c5 2. Nf3 d6 3. c3 Nf6 4. d3 e6 5. Nbd2 Be7 6. d4 O-O 7. d5 exd5 8. exd5
Nxd5 9. g3 Re8 10. Bg2 Nc6 11. O-O Bf5 12. Qe2 Bf6 13. Qb5 Qc7 14. Nh4 Bxh4 15.
gxh4 Nf4 16. Bf3 Bd3 17. Qb3 Bxf1 18. Kxf1 Qe7 19. Ne4 Na5 20. Qc2 Qxh4 21. Ke1
d5 22. Bxf4 dxe4 23. Bxe4 Qxf4 24. f3 Qxf3 25. Kd2 Rxe4 26. Qd1 Rd8+ 27. Kc2
Qxd1+ 28. Rxd1 Re2+ 29. Kc1 Rxd1+ 30. Kxd1 Rxb2 31. Kc1 Rxa2 32. Kb1 Rxh2 33.
Kc1 Nc4 34. Kd1 a5 35. Kc1 a4 36. Kb1 a3 37. Ka1 a2 {Nulle par pat} 1/2-1/2

[Event "Tournament 14471 - Europe Echecs"]
[Site "Europe Echecs"]
[Date "2020.07.09"]
[Round "5"]
[Time "16:05:20"]
[PlyCount "169"]
[White "GheorghinFelix"]
[Black "MohamedKeziah"]
[WhiteElo "1310"]
[BlackElo "1139"]
[Mode "WEB"]
[Result "0-1"]

1. e4 c5 2. Nf3 d6 3. d4 cxd4 4. Nxd4 Nf6 5. Nc3 a6 6. Be3 e5 7. Nb3 Be6 8. Be2
Be7 9. Qd2 O-O 10. h3 b5 11. a3 Nbd7 12. g4 Nb6 13. g5 Nfd7 14. h4 Nc4 15. Bxc4
Bxc4 16. h5 Nc5 17. Nxc5 dxc5 18. Nd5 Bxd5 19. exd5 Qb6 20. b4 Rac8 21. Rd1 Qd6
22. Bxc5 Qd7 23. Bxe7 Qxe7 24. g6 fxg6 25. hxg6 h6 26. d6 Qd7 27. Qd5+ Kh8 28.
Qd2 Rf6 29. Qd3 Rc6 30. Qe4 Rfxd6 31. Rxd6 Qxd6 32. f4 Qxg6 33. Qxg6 Rxg6 34.
fxe5 Rg5 35. Kd2 Rxe5 36. Kd3 Rf5 37. Ke4 Rf2 38. Kd3 Kh7 39. Rc1 Rf3+ 40. Ke4
Rxa3 41. c4 Ra4 42. cxb5 Rxb4+ 43. Kd5 axb5 44. Rc5 Rb1 45. Kd4 g5 46. Ke4 b4
47. Kf5 b3 48. Rc7+ Kg8 49. Kg6 Kf8 50. Kf6 Re1 51. Rc8+ Re8 52. Rc7 b2 53. Rb7
b1=Q 54. Rxb1 Re7 55. Rh1 Rh7 56. Kg6 Kg8 57. Kh5 Kg7 58. Kg4 Kf6 59. Rh5 Kg6
60. Rh1 Rf7 61. Rh5 Rf4+ 62. Kg3 Ra4 63. Rh2 h5 64. Kg2 Ra2+ 65. Kg3 Rxh2 66.
Kxh2 Kf5 67. Kg3 h4+ 68. Kh3 g4+ 69. Kg2 Kf4 70. Kh2 h3 71. Kg1 g3 72. Kh1 Kf3
73. Kg1 h2+ 74. Kf1 g2+ 75. Ke1 h1=Q+ 76. Kd2 g1=Q 77. Kd3 Kf2 78. Kd4 Kf1+ 79.
Kd3 Qg3+ 80. Kd4 Qhh4+ 81. Kd5 Qgg5+ 82. Ke6 Qhh6+ 83. Kf7 Qgg7+ 84. Ke8 Qhh8# {GheorghinFelix est échec et mat} 0-1

[Event "Tournament 14471 - Europe Echecs"]
[Site "Europe Echecs"]
[Date "2020.07.09"]
[Round "5"]
[Time "16:05:20"]
[PlyCount "96"]
[White "CaullychurnEth"]
[Black "NavilleLea"]
[WhiteElo "1125"]
[BlackElo "1288"]
[Mode "WEB"]
[Result "1-0"]

1. e4 d5 2. exd5 Qxd5 3. Nc3 Qa5 4. Nf3 Bg4 5. h3 Bh5 6. d3 c6 7. Bd2 Nf6 8. Ne4
Qc7 9. Nxf6+ gxf6 10. Be2 Nd7 11. O-O Rg8 12. Nd4 Bxe2 13. Qxe2 e6 14. Qf3 Bc5
15. Nb3 Bb6 16. Rfe1 Qd6 17. Bc3 Rg6 18. Re4 Bc7 19. g3 Rh6 20. Kg2 Ke7 21. a3
Rg8 22. d4 Rhg6 23. Rg4 f5 24. Rxg6 Rxg6 25. Bb4 c5 26. dxc5 Qc6 27. Qxc6 bxc6
28. Nd4 Nb8 29. Re1 Rg8 30. Nxf5+ Kf6 31. Nh4 Rd8 32. Bc3+ Ke7 33. b4 Rd5 34.
Nf3 Nd7 35. Nd4 Nb8 36. h4 Bd8 37. Re3 Kd7 38. f4 Bf6 39. Rd3 Bxd4 40. Rxd4 Kc7
41. Rxd5 cxd5 42. Be5+ Kc8 43. Bxb8 Kxb8 44. Kf3 Kc7 45. Kg4 Kd7 46. Kh5 Ke7 47.
Kh6 Kd7 48. Kxh7 {NavilleLea a abandonné} 1-0

[Event "Tournament 14471 - Europe Echecs"]
[Site "Europe Echecs"]
[Date "2020.07.09"]
[Round "5"]
[Time "16:05:20"]
[PlyCount "100"]
[White "ComtePanicautJ"]
[Black "DebiasSaidAdri"]
[WhiteElo "1265"]
[BlackElo "1125"]
[Mode "WEB"]
[Result "1-0"]

1. e4 c6 2. Nc3 d5 3. d3 Nf6 4. Nf3 Bg4 5. Be2 Nbd7 6. O-O Ne5 7. Nxe5 Bxe2 8.
Qxe2 Qd6 9. f4 e6 10. Be3 d4 11. Nc4 Qd8 12. Bxd4 Qxd4+ 13. Kh1 Bb4 14. Qe3 Bxc3
15. bxc3 Qxc3 16. e5 Ng4 17. Qg3 h5 18. Nd6+ Kf8 19. Rab1 Qxc2 20. Rxb7 Nh6 21.
Qg5 Qxd3 22. Qe7+ Kg8 23. Rfb1 Qg6 24. Rb8+ Rxb8 25. Rxb8+ Kh7 26. Rxh8+ Kxh8
27. Qxa7 Ng4 28. Nxf7+ Kh7 29. Ng5+ Kh6 30. h3 Qb1+ 31. Qg1 Nf2+ 32. Kh2 Qxg1+
33. Kxg1 Nd3 34. g3 c5 35. Kf1 Kg6 36. Nxe6 Kf7 37. Ke2 c4 38. Ng5+ Kg6 39. Kd2
Kf5 40. Kc3 h4 41. gxh4 Nxf4 42. Kxc4 Ne2 43. e6 Kf6 44. Kd5 Ke7 45. a4 Nc3+ 46.
Ke5 Nxa4 47. Kf5 Nc5 48. h5 Kf8 49. Kg6 Ne4 50. Nxe4 {DebiasSaidAdri a abandonné} 1-0

[Event "Tournament 14471 - Europe Echecs"]
[Site "Europe Echecs"]
[Date "2020.07.09"]
[Round "5"]
[Time "16:05:20"]
[PlyCount "107"]
[White "PommereulMathi"]
[Black "TrogerEmma"]
[WhiteElo "1264"]
[BlackElo "1122"]
[Mode "WEB"]
[Result "0-1"]

1. e4 d6 2. d4 Nf6 3. e5 dxe5 4. Bc4 exd4 5. Nf3 g6 6. Nxd4 Bg7 7. O-O O-O 8.
Nc3 c5 9. Ndb5 Nc6 10. Qxd8 Rxd8 11. Nc7 Rb8 12. N3b5 a6 13. Nc3 b5 14. Be2 Rd7
15. Bf4 e5 16. N7d5 Nxd5 17. Nxd5 Rxd5 18. Bg3 Bf5 19. c4 Rd2 20. Bf3 Nb4 21.
cxb5 axb5 22. Rfe1 Nc2 23. Bxe5 Bxe5 24. Rxe5 Nxa1 25. Rxc5 Rxb2 26. h3 Re8 27.
Bd5 Re1+ 28. Kh2 Rxf2 29. Rc7 Be6 30. Bxe6 fxe6 31. Rc8+ Kf7 32. Rc7+ Ke8 33.
Rxh7 Ree2 34. Rg7 Rxg2+ 35. Kh1 Rgf2 36. Rxg6 Rf1+ 37. Rg1 Rxg1+ 38. Kxg1 Rxa2
39. h4 Ra7 40. Kg2 Rh7 41. Kg3 b4 42. Kf3 b3 43. Ke2 b2 44. Ke3 b1=Q 45. Ke2
Rxh4 46. Kf3 Qb3+ 47. Kg2 Qb2+ 48. Kg3 Re4 49. Kf3 Qe2+ 50. Kg3 Rg4+ 51. Kh3
Qf3+ 52. Kh2 Rg2+ 53. Kh1 Qf1# {PommereulMathi est échec et mat} 0-1

[Event "Tournament 14471 - Europe Echecs"]
[Site "Europe Echecs"]
[Date "2020.07.09"]
[Round "5"]
[Time "16:05:20"]
[PlyCount "63"]
[White "BuetClovis"]
[Black "SansoneAlessio"]
[WhiteElo "1251"]
[BlackElo "1075"]
[Mode "WEB"]
[Result "1/2-1/2"]

1. e4 e5 2. Nf3 Nf6 3. Nc3 Bb4 4. Bc4 Nxe4 5. Nxe4 d5 6. O-O dxc4 7. Nxe5 Qd5 8.
Re1 O-O 9. Ng3 Bd6 10. Nf3 Bxg3 11. fxg3 Bg4 12. Re3 Nc6 13. d3 cxd3 14. Rxd3
Bxf3 15. Qxf3 Qxf3 16. Rxf3 Nd4 17. Rf2 Rfe8 18. Bf4 Re2 19. Rxe2 Nxe2+ 20. Kf2
Nd4 21. c3 Ne6 22. Be3 Kf8 23. Rd1 Ke7 24. Kf3 a6 25. h4 Rd8 26. Rxd8 Nxd8 27.
Ke4 Kd6 28. Bf4+ Kd7 29. Kd5 Ne6 30. Be3 c6+ 31. Ke4 Kd6 {Nulle par accord mutuel} 1/2-1/2

[Event "Tournament 14471 - Europe Echecs"]
[Site "Europe Echecs"]
[Date "2020.07.09"]
[Round "5"]
[Time "16:05:20"]
[PlyCount "70"]
[White "BarbasStojicev"]
[Black "GerardKelian"]
[WhiteElo "1150"]
[BlackElo "1056"]
[Mode "WEB"]
[Result "0-1"]

1. e4 e5 2. Nf3 Nc6 3. Bc4 Nd4 4. Nxe5 Qg5 5. Nf3 Qxg2 6. Rf1 Nxf3+ 7. Ke2 Nd4+
8. Ke3 Bc5 9. d3 Nxc2+ 10. Ke2 Nxa1 11. Bd2 d6 12. b4 Bg4+ 13. Ke1 Bxd1 14. bxc5
Nc2+ 15. Kxd1 Qxf1+ 16. Kxc2 dxc5 17. Nc3 Qxf2 18. h3 O-O-O 19. e5 f6 20. e6 Ne7
21. h4 Qxh4 22. Kc1 Rd4 23. Kc2 Rxc4 24. dxc4 Qxc4 25. a3 Qxe6 26. a4 Nd5 27.
Nxd5 Qxd5 28. a5 Qa2+ 29. Kd3 b6 30. axb6 cxb6 31. Bc3 Rd8+ 32. Ke3 Qc4 33. Bd2
Qd4+ 34. Kf3 Qxd2 35. Ke4 {BarbasStojicev a abandonné} 0-1

[Event "Tournament 14471 - Europe Echecs"]
[Site "Europe Echecs"]
[Date "2020.07.09"]
[Round "5"]
[Time "16:05:20"]
[PlyCount "60"]
[White "DumonteilDimit"]
[Black "MolinesMartin"]
[WhiteElo "1439"]
[BlackElo "1033"]
[Mode "WEB"]
[Result "1-0"]

1. e4 e5 2. Nf3 Nc6 3. Bb5 a6 4. Ba4 b5 5. Bb3 Nf6 6. O-O Bc5 7. d3 d6 8. Bg5 h6
9. Bh4 Bg4 10. h3 Be6 11. Nc3 O-O 12. Nd5 Bxd5 13. Bxd5 Qd7 14. Bxf6 gxf6 15.
Nh4 Ne7 16. Bxa8 Rxa8 17. Qh5 Ng6 18. Nxg6 fxg6 19. Qxg6+ Qg7 20. Qxg7+ Kxg7 21.
Kh2 Bd4 22. c3 Bc5 23. f4 exf4 24. Rxf4 Rf8 25. Raf1 Rf7 26. Rg4+ Kf8 27. Rg6 h5
28. Rgxf6 Rxf6 29. Rxf6+ Ke7 30. Rh6 {MolinesMartin a abandonné} 1-0

[Event "Tournament 14471 - Europe Echecs"]
[Site "Europe Echecs"]
[Date "2020.07.09"]
[Round "5"]
[Time "16:05:20"]
[PlyCount "50"]
[White "PenarrubiaMaxi"]
[Black "GuichardAxel"]
[WhiteElo "1380"]
[BlackElo "1148"]
[Mode "WEB"]
[Result "1-0"]

1. e4 e5 2. Nf3 Nc6 3. d4 exd4 4. Nxd4 Nf6 5. Nxc6 bxc6 6. e5 Nd5 7. Nc3 Nxc3 8.
bxc3 Be7 9. Qf3 O-O 10. Bc4 d6 11. exd6 cxd6 12. O-O d5 13. Bd3 Rb8 14. Qg3 Bg5
15. Bxg5 f6 16. Qxb8 fxg5 17. Qxa7 g4 18. Qd4 g3 19. fxg3 Rxf1+ 20. Rxf1 Qe7 21.
Qh4 Qe3+ 22. Rf2 Qe1+ 23. Rf1 Qe3+ 24. Kh1 Qh6 25. Qd8# {GuichardAxel est échec et mat} 1-0

[Event "Tournament 14471 - Europe Echecs"]
[Site "Europe Echecs"]
[Date "2020.07.09"]
[Round "5"]
[Time "16:05:20"]
[PlyCount "68"]
[White "BrunEmilie"]
[Black "FoleyDaniel"]
[WhiteElo "1320"]
[BlackElo "1140"]
[Mode "WEB"]
[Result "1-0"]

1. Nf3 b6 2. g3 Bb7 3. Bg2 g6 4. c4 Bg7 5. d4 e6 6. O-O d6 7. Nc3 Ne7 8. b3 c5
9. e3 Nd7 10. Bb2 Qc7 11. Rb1 Nf5 12. Nb5 Qc8 13. g4 Bxf3 14. Bxf3 Nh4 15. Nxd6+
Ke7 16. Nxc8+ Raxc8 17. Bh1 Rcd8 18. d5 Rhg8 19. Bxg7 Rxg7 20. e4 f5 21. h3 Nf6
22. Kh2 fxg4 23. hxg4 h5 24. f3 hxg4 25. fxg4 Nxe4 26. Bxe4 g5 27. Qe2 Re8 28.
dxe6 Kxe6 29. Bc6+ Kd6 30. Qxe8 Re7 31. Rbd1+ Ke6 32. Rfe1+ Kf6 33. Qxe7+ Kg6
34. Re6# {FoleyDaniel est échec et mat} 1-0

[Event "Tournament 14471 - Europe Echecs"]
[Site "Europe Echecs"]
[Date "2020.07.09"]
[Round "5"]
[Time "16:05:20"]
[PlyCount "146"]
[White "RoubaudLouisAl"]
[Black "BoyerJohnLucas"]
[WhiteElo "1101"]
[BlackElo "1266"]
[Mode "WEB"]
[Result "1-0"]

1. d4 d5 2. Nf3 Nf6 3. e3 Bf5 4. Bd3 e6 5. Bxf5 exf5 6. Qd3 Qd7 7. Nbd2 Bd6 8.
b3 c6 9. Bb2 O-O 10. O-O Na6 11. a3 Nc7 12. Ne5 Qe7 13. f4 Qe6 14. Ndf3 h6 15.
c4 Ne4 16. cxd5 cxd5 17. Nd2 Bxe5 18. fxe5 a6 19. Nxe4 fxe4 20. Qc3 Nb5 21. Qc5
b6 22. Qb4 Nc7 23. Rac1 a5 24. Qd6 Qxd6 25. exd6 Ne6 26. Rc6 Rac8 27. Rxb6 Rb8
28. Rxb8 Rxb8 29. b4 axb4 30. axb4 Rxb4 31. Ba3 Rb3 32. Bc1 Rc3 33. Re1 Kf8 34.
Bd2 Rd3 35. Bb4 Ke8 36. Kf2 Rb3 37. Bc5 Kd7 38. Ra1 Rb7 39. Ra6 h5 40. Kg3 g5
41. h4 gxh4+ 42. Kxh4 Ke8 43. Kxh5 f6 44. Kg6 Nxc5 45. dxc5 Rb3 46. Kxf6 Kd7 47.
Ke5 Rd3 48. g4 d4 49. Kxe4 Rxe3+ 50. Kxd4 Rg3 51. Kd5 Rxg4 52. c6+ Ke8 53. d7+
Kd8 54. Kd6 Rg6+ 55. Kc5 Kc7 56. Ra7+ Kd8 57. Kb6 Rd6 58. Kb7 Ke7 59. Ra6 Kd8
60. c7+ Kxd7 61. c8=Q+ Ke7 62. Rxd6 Kxd6 63. Qf5 Ke7 64. Qg6 Kd7 65. Kb6 Ke7 66.
Kc5 Kd7 67. Kd5 Kc7 68. Qh6 Kb7 69. Kc5 Ka7 70. Kb5 Kb8 71. Qg7 Kc8 72. Qe7 Kb8
73. Kc6 {BoyerJohnLucas a abandonné} 1-0

[Event "Tournament 14471 - Europe Echecs"]
[Site "Europe Echecs"]
[Date "2020.07.09"]
[Round "5"]
[Time "16:05:20"]
[PlyCount "61"]
[White "GiraudDimitri"]
[Black "CoindreauElsa"]
[WhiteElo "1087"]
[BlackElo "1248"]
[Mode "WEB"]
[Result "0-1"]

1. e4 e5 2. Nf3 Nc6 3. Bc4 Nf6 4. d3 Bc5 5. Nc3 d6 6. Bg5 h6 7. Bxf6 Qxf6 8. Nd5
Qd8 9. c3 Be6 10. b4 Bb6 11. O-O Ne7 12. a4 a5 13. Nxb6 cxb6 14. Bxe6 fxe6 15.
bxa5 Rxa5 16. Qe1 O-O 17. d4 exd4 18. cxd4 b5 19. axb5 Rxb5 20. Rb1 Qb6 21. Rxb5
Qxb5 22. Qb1 Qc6 23. e5 Nf5 24. exd6 Nxd6 25. Ne5 Qe4 26. Qb3 Qd5 27. Qb4 Rf4
28. Rd1 Nb5 29. g3 Rxd4 30. Rxd4 Nxd4 {GiraudDimitri a perdu au temps} 0-1

[Event "Tournament 14471 - Europe Echecs"]
[Site "Europe Echecs"]
[Date "2020.07.09"]
[Round "5"]
[Time "16:05:20"]
[PlyCount "29"]
[White "AmiotTimothee"]
[Black "FadilNoah"]
[WhiteElo "1240"]
[BlackElo "1113"]
[Mode "WEB"]
[Result "0-1"]

1. e4 e5 2. Nf3 Nc6 3. d4 Bd6 4. d5 Nb4 5. a3 Na6 6. Be2 Nf6 7. Nc3 b6 8. Bg5
Bb7 9. O-O h6 10. Bh4 Be7 11. Nxe5 d6 12. Ng4 Nxg4 13. Bxe7 Qxe7 14. Bxg4 c6 {AmiotTimothee a perdu au temps} 0-1

[Event "Tournament 14471 - Europe Echecs"]
[Site "Europe Echecs"]
[Date "2020.07.09"]
[Round "5"]
[Time "16:05:20"]
[PlyCount "108"]
[White "SemenovTimour"]
[Black "MilaGabriel"]
[WhiteElo "1227"]
[BlackElo "1096"]
[Mode "WEB"]
[Result "1-0"]

1. e4 c5 2. Nf3 g6 3. d4 cxd4 4. Nxd4 Bg7 5. Nc3 Nc6 6. Be3 Nf6 7. Bc4 O-O 8.
O-O e5 9. Nf3 a6 10. Bc5 Re8 11. a4 Rb8 12. Ng5 b5 13. Nxf7 Qc7 14. Nd6+ Kh8 15.
Nxe8 Nxe8 16. axb5 axb5 17. Nxb5 Qd8 18. Nd6 Nxd6 19. Qxd6 Bf8 20. Qxf8+ Qxf8
21. Bxf8 Nd4 22. c3 Ne6 23. Bxe6 dxe6 24. Rfd1 Bb7 25. Rd6 Rxf8 26. Rxe6 Bxe4
27. Rxe5 Bf5 28. Rea5 Be4 29. Ra7 Rd8 30. h3 g5 31. R1a4 Bc6 32. R4a6 Bd5 33. f3
Re8 34. Rh6 Re1+ 35. Kf2 Re8 36. Raxh7+ Kg8 37. Rh8+ Kf7 38. R6h7+ Kg6 39. Rxe8
Kxh7 40. Re5 Bg8 41. Rxg5 Bf7 42. b4 Kh6 43. Rg3 Bc4 44. Rg4 Bb5 45. c4 Bxc4 46.
Rxc4 Kh5 47. b5 Kg5 48. b6 Kf5 49. b7 Ke5 50. b8=Q+ Ke6 51. Rc5 Kd7 52. Qb6 Ke8
53. Rc7 Kd8 54. Qb8# {MilaGabriel est échec et mat} 1-0

[Event "Tournament 14471 - Europe Echecs"]
[Site "Europe Echecs"]
[Date "2020.07.09"]
[Round "5"]
[Time "16:05:20"]
[PlyCount "51"]
[White "SwietlikNicola"]
[Black "AlunniBagarell"]
[WhiteElo "1065"]
[BlackElo "1214"]
[Mode "WEB"]
[Result "0-1"]

1. e4 e6 2. d4 d5 3. exd5 exd5 4. Nc3 Nf6 5. Bg5 Be7 6. Nf3 O-O 7. Bd3 h6 8. Bh4
Bg4 9. O-O c6 10. Re1 Bxf3 11. Qxf3 Qd6 12. Re3 Nbd7 13. Rae1 Bd8 14. Bg3 Qb4
15. Bf5 Bb6 16. Bxd7 Nxd7 17. Qf4 Qxb2 18. Na4 Qxc2 19. Nxb6 Nxb6 20. R3e2 Qg6
21. Qc7 Rae8 22. Rxe8 Rxe8 23. Rxe8+ Kh7 24. h3 f6 25. Qf7 Qxf7 {SwietlikNicola a perdu au temps} 0-1

[Event "Tournament 14471 - Europe Echecs"]
[Site "Europe Echecs"]
[Date "2020.07.09"]
[Round "5"]
[Time "16:05:20"]
[PlyCount "76"]
[White "DibyJulien"]
[Black "OuaichaHadyan"]
[WhiteElo "1205"]
[BlackElo "1083"]
[Mode "WEB"]
[Result "1-0"]

1. e4 e5 2. Nf3 Nc6 3. Bc4 Nf6 4. d3 Bc5 5. O-O O-O 6. c3 d6 7. Re1 Bg4 8. Nbd2
Re8 9. Nf1 d5 10. exd5 Nxd5 11. h3 Bh5 12. Ng3 Bg6 13. Qb3 Nce7 14. Nh4 b6 15.
Nxg6 hxg6 16. Rxe5 Qd6 17. Bf4 c6 18. Rxd5 Nxd5 19. Bxd6 Bxd6 20. Bxd5 cxd5 21.
Qxd5 Rad8 22. Qb7 Rb8 23. Qxa7 Bc5 24. d4 Bd6 25. a4 b5 26. axb5 Rxb5 27. c4 Rb3
28. c5 Bb8 29. Qa4 Rd3 30. Qxe8+ Kh7 31. Qxb8 f5 32. Qf4 Rb3 33. Ra8 g5 34. Qxg5
Rb8 35. Rxb8 g6 36. Nxf5 gxf5 37. Rg8 f4 38. Qg7# {OuaichaHadyan est échec et mat} 1-0

[Event "Tournament 14471 - Europe Echecs"]
[Site "Europe Echecs"]
[Date "2020.07.09"]
[Round "5"]
[Time "16:05:20"]
[PlyCount "108"]
[White "SurninZoya"]
[Black "CourjalCharlot"]
[WhiteElo "1192"]
[BlackElo "1055"]
[Mode "WEB"]
[Result "1-0"]

1. e4 e6 2. Nf3 d5 3. exd5 exd5 4. d4 Nc6 5. Nc3 Nf6 6. Bg5 h6 7. Bh4 Bd6 8. Be2
Be6 9. O-O O-O 10. Bd3 Bg4 11. Nxd5 g5 12. Nxf6+ Qxf6 13. Bg3 Bxf3 14. Qxf3 Qxf3
15. gxf3 Bxg3 16. fxg3 Nxd4 17. c3 Nc6 18. Rae1 Rad8 19. Bc4 Rd2 20. b4 a6 21.
f4 b5 22. Bb3 gxf4 23. Rxf4 Rd6 24. Ref1 a5 25. bxa5 Nxa5 26. Bxf7+ Rxf7 27.
Rxf7 Nc4 28. Rxc7 Nd2 29. Rff7 Rd3 30. Rfd7 Nf3+ 31. Kf2 Rxd7 32. Rxd7 Ne5 33.
Rd5 Ng4+ 34. Kg1 Ne3 35. Rxb5 Kg7 36. a4 Kf7 37. a5 Kf6 38. a6 Nf5 39. Rxf5+
Kxf5 40. a7 Ke4 41. a8=Q+ Kd3 42. Qc8 Kc2 43. c4 Kb1 44. c5 Ka2 45. c6 Kb3 46.
c7 Kc4 47. Qg8+ Kc5 48. c8=Q+ Kb4 49. Qgg4+ Kb3 50. Qcf5 Kb2 51. Qgf3 Ka2 52.
Q5d3 Kb2 53. Qf2+ Ka1 54. Qdf1# {CourjalCharlot est échec et mat} 1-0

[Event "Tournament 14471 - Europe Echecs"]
[Site "Europe Echecs"]
[Date "2020.07.09"]
[Round "5"]
[Time "16:05:20"]
[PlyCount "79"]
[White "GilliotCorenti"]
[Black "KouamMaelis"]
[WhiteElo "1051"]
[BlackElo "1182"]
[Mode "WEB"]
[Result "0-1"]

1. d4 d5 2. c4 e6 3. Nc3 c6 4. Bf4 dxc4 5. e4 b5 6. a4 Bb4 7. Nf3 Nf6 8. axb5
cxb5 9. Bxc4 Bxc3+ 10. bxc3 bxc4 11. Qa4+ Qd7 12. Qxd7+ Nbxd7 13. O-O Nxe4 14.
Be5 Nxe5 15. Nxe5 Nxc3 16. Rfc1 Ne2+ 17. Kf1 Nxc1 18. Rxc1 Ba6 19. Ke1 O-O 20.
Nd7 Rfd8 21. Nc5 Bb5 22. Nb7 Rxd4 23. Rb1 a6 24. Na5 c3 25. Rc1 Re4+ 26. Kd1
Ba4+ 27. Rc2 Rd8+ 28. Kc1 Bxc2 29. Kxc2 Re2+ 30. Kxc3 Rxf2 31. Nc6 Rc8 32. Kd3
Rxc6 33. Ke3 Rxg2 34. Kf3 Rxh2 35. Ke3 Rh4 36. Kf3 Rc3+ 37. Kg2 Rb4 38. Kf2 Rb2+
39. Ke1 Rc1# {GilliotCorenti est échec et mat} 0-1

[Event "Tournament 14471 - Europe Echecs"]
[Site "Europe Echecs"]
[Date "2020.07.09"]
[Round "5"]
[Time "16:05:20"]
[PlyCount "46"]
[White "GandrilleLubin"]
[Black "CogneauMaude"]
[WhiteElo "1024"]
[BlackElo "1180"]
[Mode "WEB"]
[Result "1-0"]

1. e4 e5 2. Nf3 Nc6 3. Nc3 Nf6 4. d3 Bc5 5. Nxe5 Nxe5 6. d4 Bb6 7. dxe5 Ng4 8.
Qxg4 d6 9. Qxg7 dxe5 10. Qxh8+ Ke7 11. Qxe5+ Be6 12. Qg5+ Ke8 13. Qg8+ Ke7 14.
Qxh7 a5 15. Bg5+ Ke8 16. Qh8+ Kd7 17. Bxd8 Rxd8 18. Qe5 Rf8 19. Rd1+ Ke7 20.
Nd5+ Kd8 21. Nxb6+ Ke7 22. Qxc7+ Ke8 23. Rd8# {CogneauMaude est échec et mat} 1-0